Clinical specialties /

'Oxford Assess and Progress, Clinical Specialties' is a new revision resource for medical students. Complimenting the 'Oxford Handbook of Clinical Specialities' and suitable for use alone, it provides an array of SBA's, EMQ's and editorials on core clinical topics and t...

Full description

Bibliographic Details
Other Authors: Etheridge, Luci (Editor), Collier, Henry (Editor)
Format: eBook
Language:English
Published: Oxford : Oxford University Press, 2021.
Edition:Fourth edition.
Series:Oxford assess and progress.
Subjects:
Online Access:Connect to the full text of this electronic book

MARC

Tag First Indicator Second Indicator Subfields
LEADER 00000cam a2200000 i 4500
001 in00005696113
005 20260318163326.4
006 m o d
007 cr cnu---unuuu
008 210521t20212021enka fob 001 0 eng d
040 |a STBDS  |b eng  |e rda  |e pn  |c STBDS  |d YDX  |d OCLCF  |d OCLCO  |d UKAHL  |d OCLCO  |d IUL  |d OCLCQ  |d OCLCL 
019 |a 1280068039  |a 1433112402 
020 |a 9780191938269  |q electronic book 
020 |a 0191938262  |q electronic book 
035 |a (OCoLC)1280067831  |z (OCoLC)1280068039  |z (OCoLC)1433112402 
050 4 |a R729.5.S6  |b C565 2021 
082 0 4 |a 616.0076  |2 23 
049 |a TXAM 
245 0 0 |a Clinical specialties /  |c edited by Luci Etheridge, Henry Collier. 
250 |a Fourth edition. 
264 1 |a Oxford :  |b Oxford University Press,  |c 2021. 
264 4 |c ©2021 
300 |a 1 online resource (xxxvi, 264 pages) :  |b illustrations. 
336 |a text  |b txt  |2 rdacontent 
337 |a computer  |b c  |2 rdamedia 
338 |a online resource  |b cr  |2 rdacarrier 
490 1 |a Oxford assess and progress 
500 |a This edition also issued in print: 2021. 
500 |a Previous edition: 2018. 
504 |a Includes bibliographical references and index. 
520 8 |a 'Oxford Assess and Progress, Clinical Specialties' is a new revision resource for medical students. Complimenting the 'Oxford Handbook of Clinical Specialities' and suitable for use alone, it provides an array of SBA's, EMQ's and editorials on core clinical topics and themes with detailed feedback and rated levels of competence. 
521 |a Specialized. 
588 |a Description based on online resource; title from home page (viewed on October 1, 2021). 
650 0 |a Medicine  |x Specialties and specialists  |v Examinations, questions, etc. 
650 0 |a Clinical medicine  |v Examinations, questions, etc. 
650 6 |a Médecine clinique  |v Examens, questions, etc. 
650 7 |a Clinical medicine.  |2 fast  |0 (OCoLC)fst00864361 
650 7 |a Medicine  |x Specialties and specialists.  |2 fast  |0 (OCoLC)fst01015111 
655 7 |a Electronic books.  |2 local 
655 7 |a Examinations.  |2 fast  |0 (OCoLC)fst01423780 
700 1 |a Etheridge, Luci,  |e editor. 
700 1 |a Collier, Henry,  |e editor. 
758 |i has work:  |a Clinical specialties (Text)  |1 https://id.oclc.org/worldcat/entity/E39PCFGJ7TwBHW6mfFt6gRGqBd  |4 https://id.oclc.org/worldcat/ontology/hasWork 
776 0 8 |i Print version:  |t Clinical specialties.  |b Fourth edition.  |d Oxford : Oxford University Press, 2021  |z 9780198862550  |w (OCoLC)1290859430 
830 0 |a Oxford assess and progress. 
856 4 0 |u http://proxy.library.tamu.edu/login?url=https://academic.oup.com/book/39244  |z Connect to the full text of this electronic book  |t 0 
955 |a Oxford Scholarship Online 
994 |a 92  |b TXA 
999 f f |i 5bb2ccd2-d726-4c28-91e7-16bb012a93b9  |s 9ec153c2-71d8-4bfe-ac73-274b19fb15ee  |t 0 
952 f f |a Texas A&M University  |b College Station  |c Electronic Resources  |s www_evans  |d Available Online  |t 0  |e R729.5.S6 C565 2021  |h Library of Congress classification 
998 f f |a R729.5.S6 C565 2021  |t 0  |l Available Online